Guess the Country by City - Statistics

General Stats
  • This quiz has been taken 98 times
  • The average score is 12 of 20
Answer Stats
City Country % Correct
Buenos Aires Argentina
100%
Yerevan Armenia
100%
Adelaide Australia
100%
Brisbane Australia
100%
Cairns Australia
100%
Perth Australia
100%
Graz Austria
100%
Innsbruck Austria
100%
Salzburg Austria
100%
Vienna Austria
100%
Manama Bahrain
100%
Chittagong Bangladesh
100%
Dhaka Bangladesh
100%
Minsk Belarus
100%
Vitebsk Belarus
100%
Bruges Belgium
100%
Belmopan Belize
100%
Thimphu Bhutan
100%
Belo Horizonte Brazil
100%
Porto Alegre Brazil
100%
Recife Brazil
100%
Rio de Janeiro Brazil
100%
São Paulo Brazil
100%
Gitega Burundi
100%
Phnom Penh Cambodia
100%
Calgary Canada
100%
Edmonton Canada
100%
Iqaluit Canada
100%
Québec City Canada
100%
Vancouver Canada
100%
Santiago Chile
100%
Guangzhou China
100%
Shanghai China
100%
Xiamen China
100%
Barranquila Colombia
100%
Cartagena Colombia
100%
Split Croatia
100%
Zagreb Croatia
100%
Havana Cuba
100%
Ostrava Czechia
100%
Plzen Czechia
100%
Prague Czechia
100%
Goma Democratic Republic of the Congo
100%
Copenhagen Denmark
100%
Odense Denmark
100%
Guayaquil Ecuador
100%
Alexandria Egypt
100%
Luxor Egypt
100%
Qena Egypt
100%
Tallinn Estonia
100%
Dire Dawa Ethiopia
100%
Gondar Ethiopia
100%
Espoo Finland
100%
Tampere Finland
100%
Menz France
100%
Montpellier France
100%
Nantes France
100%
Nice France
100%
Orléans France
100%
Reims France
100%
Rennes France
100%
Tbilisi Georgia
100%
Cologne Germany
100%
Duisburg Germany
100%
Düsseldorf Germany
100%
Frankfurt Germany
100%
Hamburg Germany
100%
Munich Germany
100%
Rostock Germany
100%
Kumasi Ghana
100%
Athens Greece
100%
Ioannina Greece
100%
Thessaloniki Greece
100%
Port-au-Prince Haiti
100%
Reykjavík Iceland
100%
Agra India
100%
Bengaluru India
100%
Darjeeling India
100%
Delhi India
100%
Patna India
100%
Varanasi India
100%
Bandung Indonesia
100%
Surabaya Indonesia
100%
Cork Ireland
100%
Dublin Ireland
100%
Jerusalem Israel
100%
Tel Aviv Israel
100%
Florence Italy
100%
Milan Italy
100%
Parma Italy
100%
Trieste Italy
100%
Turin Italy
100%
Montego Bay Jamaica
100%
Fukuoka Japan
100%
Kobe Japan
100%
Kyoto Japan
100%
Nagoya Japan
100%
Osaka Japan
100%
Amman Jordan
100%
Pristina Kosovo
100%
Liepaja Latvia
100%
Beirut Lebanon
100%
Benghazi Libya
100%
Vaduz Liechtenstein
100%
Vilnius Lithuania
100%
Antsiranana Madagascar
100%
Timbuktu Mali
100%
Valletta Malta
100%
Cancún Mexico
100%
Ciudad Juarez Mexico
100%
Guadalajara Mexico
100%
Tiraspol Moldova
100%
Casablanca Morocco
100%
Fez Morocco
100%
Meknes Morocco
100%
Rabat Morocco
100%
Naypyidaw Myanmar
100%
Yangon Myanmar
100%
Walvis Bay Namibia
100%
Groningen Netherlands
100%
Pyongyang North Korea
100%
Skopje North Macedonia
100%
Stavanger Norway
100%
Tromsø Norway
100%
Faisalabad Pakistan
100%
Islamabad Pakistan
100%
Asuncion Paraguay
100%
Gdánsk Poland
100%
Gdynia Poland
100%
Katowice Poland
100%
Szczecin Poland
100%
Wrocław Poland
100%
Lisbon Portugal
100%
Pointe-Noire Republic of the Congo
100%
Cluj-Napoca Romania
100%
Timişoara Romania
100%
Tulcea Romania
100%
Baltiysk Russia
100%
Nizhny Novgorod Russia
100%
Novosibirsk Russia
100%
Perm Russia
100%
Petropavlovsk Kamchatskiy Russia
100%
Ufa Russia
100%
Castries Saint Lucia
100%
Ha'il Saudi Arabia
100%
Mecca Saudi Arabia
100%
Medina Saudi Arabia
100%
Novi Sad Serbia
100%
Freetown Sierra Leone
100%
Bratislava Slovakia
100%
Ljubljana Slovenia
100%
Pretoria South Africa
100%
Busan South Korea
100%
Daegu South Korea
100%
Incheon South Korea
100%
Barcelona Spain
100%
Bilbao Spain
100%
Girona Spain
100%
Ibiza Spain
100%
Seville Spain
100%
Valencia Spain
100%
Malmö Sweden
100%
Stockholm Sweden
100%
Bern Switzerland
100%
Geneva Switzerland
100%
Saint Gallen Switzerland
100%
Zürich Switzerland
100%
Aleppo Syria
100%
Damascus Syria
100%
Homs Syria
100%
Chiang Mai Thailand
100%
Dili Timor-Leste
100%
Adana Türkiye
100%
Antakya Türkiye
100%
Antalya Türkiye
100%
Istanbul Türkiye
100%
Donetsk Ukraine
100%
Kharkiv Ukraine
100%
Odesa Ukraine
100%
Abu Dhabi United Arab Emirates
100%
Aberdeen United Kingdom
100%
Belfast United Kingdom
100%
Birmingham United Kingdom
100%
Bristol United Kingdom
100%
Glasgow United Kingdom
100%
Liverpool United Kingdom
100%
Manchester United Kingdom
100%
Sheffield United Kingdom
100%
Boston United States
100%
Flint United States
100%
Tallahassee United States
100%
Aden Yemen
100%
Isfahan Iran
80%
Eindhoven Netherlands
80%
Leeds United Kingdom
80%
Wiener Neustadt Austria
75%
Toronto Canada
75%
Guantanamo Cuba
75%
Oulu Finland
75%
Tours France
75%
Kathmandu Nepal
75%
Perm Russia
75%
Yekaterinburg Russia
75%
Malagá Spain
75%
Lausanne Switzerland
75%
Dnipro Ukraine
75%
Tamanrasset Algeria
67%
Mar del Plata Argentina
67%
Mississauga Canada
67%
Rijeka Croatia
67%
Augsburg Germany
67%
Dortmund Germany
67%
Samarinda Indonesia
67%
Shiraz Iran
67%
Tabriz Iran
67%
Limerick Ireland
67%
Bologna Italy
67%
Salerno Italy
67%
Mombasa Kenya
67%
Panevezys Lithuania
67%
Maastricht Netherlands
67%
Hamhung North Korea
67%
Iquitos Peru
67%
Białystok Poland
67%
Poznan Poland
67%
Kazan Russia
67%
Hargeisa Somalia
67%
A Coruña Spain
67%
Uppsala Sweden
67%
Cherkasy Ukraine
67%
Sharjah United Arab Emirates
67%
Penzance United Kingdom
67%
Bulawayo Zimbabwe
67%
Pune India
60%
Santa Cruz de la Sierra Bolivia
50%
Banja Luka Bosnia and Herzegovina
50%
Sarajevo Bosnia and Herzegovina
50%
Maun Botswana
50%
Burgas Bulgaria
50%
Lhasa China
50%
Urumqi China
50%
Cali Colombia
50%
Medellin Colombia
50%
Dubrovnik Croatia
50%
Esbjerg Denmark
50%
Aswan Egypt
50%
Kärdla Estonia
50%
Viljandi Estonia
50%
Lille France
50%
Wuppertal Germany
50%
Patras Greece
50%
Pecs Hungary
50%
Akureyri Iceland
50%
Ahmedabad India
50%
Medan Indonesia
50%
Mashhad Iran
50%
Castlebar Ireland
50%
Messina Italy
50%
Daugavpils Latvia
50%
Tobruk Libya
50%
Gao Mali
50%
Curepipe Mauritius
50%
Balti Moldova
50%
Cahul Moldova
50%
Windhoek Namibia
50%
Arawa Papua New Guinea
50%
Coimbra Portugal
50%
Craiova Romania
50%
Magadan Russia
50%
Saratov Russia
50%
Jeddah Saudi Arabia
50%
Košice Slovakia
50%
Jesenice Slovenia
50%
Kandy Sri Lanka
50%
Gothenburg Sweden
50%
Ayutthaya Thailand
50%
Edirne Türkiye
50%
Izmir Türkiye
50%
Funafuti Tuvalu
50%
Chernihiv Ukraine
50%
Nashville United States
50%
Oklahoma City United States
50%
Puerto Ayacucho Venezuela
50%
Lubumbashi Democratic Republic of the Congo
40%
Bhopal India
40%
Sassari Italy
40%
Sana'a Yemen
40%
Rosario Argentina
33%
Homyel Belarus
33%
Francistown Botswana
33%
Plovdiv Bulgaria
33%
Praia Cabo Verde
33%
Dalian China
33%
Kunming China
33%
Osijek Croatia
33%
Camaguëy Cuba
33%
Ismailia Egypt
33%
Narva Estonia
33%
Mulhouse France
33%
Grindavík Iceland
33%
Bihar India
33%
Imphal India
33%
Zahedan Iran
33%
Erbi Iraq
33%
Kirkuk Iraq
33%
Dún Laoghaire Ireland
33%
Vientiane Laos
33%
Schaan Liechtenstein
33%
Diekirch Luxembourg
33%
Maiduguri Nigeria
33%
Hungnam North Korea
33%
Şibiu Romania
33%
Nyala Sudan
33%
Lugano Switzerland
33%
Parnu Estonia
25%
Pakse Laos
25%
Zaporizhzhia Ukraine
25%
Salto Uruguay
25%
Brčko Bosnia and Herzegovina
20%
Durrës Albania
0%
Elbasan Albania
0%
Fier Albania
0%
Vlore Albania
0%
Annaba Algeria
0%
Djelfa Algeria
0%
Andorra la Vella Andorra
0%
Huambo Angola
0%
Lubango Angola
0%
La Plata Argentina
0%
Mendoza Argentina
0%
Alice Springs Australia
0%
Linz Austria
0%
Ganca Azerbaijan
0%
Khulna Bangladesh
0%
Brest Belarus
0%
Hrodna Belarus
0%
Mogilev Belarus
0%
Antwerp Belgium
0%
Brussels Belgium
0%
Charleroi Belgium
0%
Ghent Belgium
0%
Liège Belgium
0%
Orange Walk Belize
0%
Cotonou Benin
0%
Cochabamba Bolivia
0%
Prijedor Bosnia and Herzegovina
0%
Belem Brazil
0%
Manaus Brazil
0%
Salvador Brazil
0%
Sofia Bulgaria
0%
Varna Bulgaria
0%
Siem Reap Cambodia
0%
Douala Cameroon
0%
Montréal Canada
0%
Thunder Bay Canada
0%
Yellowknife Canada
0%
Abeche Chad
0%
Faya-Largeau Chad
0%
Valparaiso Chile
0%
Beijing China
0%
Tianjin China
0%
Xi'an China
0%
Alajuela Costa Rica
0%
Zadar Croatia
0%
Brno Czechia
0%
Mbuji-Mayi Democratic Republic of the Congo
0%
Aalborg Denmark
0%
Aarhus Denmark
0%
Asyut Egypt
0%
Mansoura Egypt
0%
Port Said Egypt
0%
Sohag Egypt
0%
Bata Equatorial Guinea
0%
Keren Eritrea
0%
Kohtla-Järve Estonia
0%
Kuressaare Estonia
0%
Tartu Estonia
0%
Mekele Ethiopia
0%
Negele Ethiopia
0%
Rovaniemi Finland
0%
Turku Finland
0%
Vantaa Finland
0%
Port Gentil Gabon
0%
Stuttgart Germany
0%
Tamale Ghana
0%
Heraklion Greece
0%
Larisa Greece
0%
Mixco Guatemala
0%
Kankan Guinea
0%
Lethem Guyana
0%
Debrecen Hungary
0%
Höfn Iceland
0%
Selfoss Iceland
0%
Denpasar Indonesia
0%
Qom Iran
0%
Tehran Iran
0%
Basra Iraq
0%
Dahuk Iraq
0%
Mosul Iraq
0%
Galway Ireland
0%
Killarney Ireland
0%
Haifa Israel
0%
Naples Italy
0%
Sapporo Japan
0%
South Tarawa Kiribati
0%
Savannakhet Laos
0%
Rezekne Latvia
0%
Riga Latvia
0%
Ventspils Latvia
0%
Tyre Lebanon
0%
Monrovia Liberia
0%
Zwedru Liberia
0%
Al Jawf Libya
0%
Ghadamis Libya
0%
Sirte Libya
0%
Triesen Liechtenstein
0%
Kaunas Lithuania
0%
Klaipėda Lithuania
0%
Palanga Lithuania
0%
Šiauliai Lithuania
0%
Georgetown Malaysia
0%
Ipoh Malaysia
0%
Chihuahua Mexico
0%
Mérida Mexico
0%
Tijuana Mexico
0%
Bender Moldova
0%
Niksic Montenegro
0%
Agadir Morocco
0%
Errachidia Morocco
0%
Beira Mozambique
0%
Nampula Mozambique
0%
Mandalay Myanmar
0%
The Hague Netherlands
0%
Utrecht Netherlands
0%
Agadez Niger
0%
Zinder Niger
0%
Benin City Nigeria
0%
Ibadan Nigeria
0%
Ilorin Nigeria
0%
Kaduna Nigeria
0%
Kano Nigeria
0%
Nampo North Korea
0%
Bergen Norway
0%
Trondheim Norway
0%
Sohar Oman
0%
Sur Oman
0%
Karachi Pakistan
0%
Lahore Pakistan
0%
Rawalpindi Pakistan
0%
Koror Palau
0%
Lae Papua New Guinea
0%
Arequipa Peru
0%
Cebu Philippines
0%
Davao Philippines
0%
Quezon City Philippines
0%
Kraków Poland
0%
Lódz Poland
0%
Warsaw Poland
0%
Funchal Portugal
0%
Porto Portugal
0%
Lusail Qatar
0%
Braşov Romania
0%
Iaşi Romania
0%
Sovetsk Russia
0%
Basseterre Saint Kitts and Nevis
0%
Calliaqua Saint Vincent and the Grenadines
0%
Serraville San Marino
0%
Dammam Saudi Arabia
0%
Hofuf Saudi Arabia
0%
Belgrade Serbia
0%
Niš Serbia
0%
Žilina Slovakia
0%
Maribor Slovenia
0%
Nova Gorica Slovenia
0%
Gaalkacyo Somalia
0%
Bloemfontein South Africa
0%
Durban South Africa
0%
Port Elizabeth South Africa
0%
Daejeon South Korea
0%
Ulsan South Korea
0%
San Sebastian / Donostia Spain
0%
Jaffna Sri Lanka
0%
Al-Fashir Sudan
0%
Gävle Sweden
0%
Linköping Sweden
0%
Basel Switzerland
0%
Chur Switzerland
0%
Lucerne Switzerland
0%
Winterthur Switzerland
0%
Bangkok Thailand
0%
Gaziantep Türkiye
0%
Dubai United Arab Emirates
0%
Atlanta United States
0%
Bozeman United States
0%
Fairbanks United States
0%
New York City United States
0%
Sacramento United States
0%
Maracaibo Venezuela
0%
Hadibu Yemen
0%
Kitwe Zambia
0%
No matching quizzes found
Score Distribution
Percent of People with Each Score
Percentile by Number Answered
Your Score History
You have not taken this quiz